Definitívne údaje o úrode poľnohospodárskych plodín a zeleniny v SR za rok 2011

Na minha lista:
Detalhes bibliográficos
Formato: Livro
Idioma:eslovaco
Publicado em: Bratislava Štatistický úrad Slovenskej republiky 2012
Assuntos:
Tags: Adicionar Tag
Sem tags, seja o primeiro a adicionar uma tag!

MARC

LEADER 00000nlm a2200000 4500
001 0206106
005 20240514072512.2
020 |a 978-80-8121-162-1 
041 0 |a slo 
044 |a SK 
245 1 0 |a Definitívne údaje o úrode poľnohospodárskych plodín a zeleniny v SR za rok 2011 
264 1 |a Bratislava  |b Štatistický úrad Slovenskej republiky  |c 2012 
300 |a 26 s. 
500 |a Zdroj dokumentu: Štatistický úrad SR 
610 2 0 |a plodiny poľnohospodárske 
610 2 0 |a zelenina 
610 2 0 |a úroda 
610 2 0 |a Slovensko